GMC Cars by Picture - Statistics

General Stats
  • This quiz has been taken 217 times
  • The average score is 4 of 6
Answer Stats
Picture Answer % Correct
Sierra
95%
Yukon
84%
Acadia
72%
Canyon
66%
Terrain
54%
Savana
48%
No matching quizzes found
Score Distribution
Percent of People with Each Score
Percentile by Number Answered
Your Score History
You have not taken this quiz